000 00638cam a22002414 4500
999 _c35493
_d35493
001 18109795
003 AR-RgUNPA
005 20260310115544.0
008 140409s1941 ag gr 000 0 spa
010 _a 42020498
035 _a18109795
040 _aSIUNPA
_cSIUNPA
_bspa
_eAACR2
080 _a821.134.2(82) O129p
100 1 _aObligado, Rafael
_d, 1851-1920.
_4autor
245 1 0 _aPoesías /
_cCarlos Obligado
250 _a2a. ed.
260 _aBuenos Aires
_b: Sopena
_c, 1957
300 _a142 p.
490 _a(Colección Literaria / Sopena)
650 _aLITERATURA ARGENTINA
650 _aPOESIA
942 _2udc
_cBK